'Chuck' Cast (Clickable Matching) Quiz Stats

 Plays Quiz not verified by Sporcle

Score 0/22 Timer 04:00
0 Plays Today
% Correct
Chuck Bartowski
98.5%
Sarah Walker
97.7%
John Casey
97.2%
Ellie Woodcomb
97%
Morgan Grimes
96.2%
Anna Wu
94.9%
Devon 'Captain Awesome' Woodcomb
93.8%
Lester Patel
92.2%
'Big Mike' Tucker
89%
Diane Beckman
87.7%
Bryce Larkin
87.1%
% Correct
Jeff Barnes
82.8%
Daniel Shaw
81.3%
Mary Bartowski
81.1%
Jill Roberts
79.4%
Harry Tang
78.4%
Ted Roark
76.7%
Alexei Volkoff
76.7%
Stephen J. Bartowski
74.4%
Vivian Volkoff
74.1%
Gertrude Verbanski
71.2%
Emmett Milbarge
70.5%

You're not logged in!

Compare scores with friends on all Sporcle quizzes.
OR
Log In

You Might Also Like...

Show Comments

Extras

Top Quizzes Today


Score Distribution

Your Account Isn't Verified!

In order to create a playlist on Sporcle, you need to verify the email address you used during registration. Go to your Sporcle Settings to finish the process.

Report this User

Report this user for behavior that violates our Community Guidelines.

Details: